zpět

Detail výsledku týmu

The PUB Praha 6 , Praha

Datum a čas kvízu

26.5 Celkem bodů Celkový počet nahraných bodů na tomto kvízu bez doplňovacích otázek.
9. Pořadí na kvízu Konečné umístění týmu na tomto kvízu.

Zaznamenané odpovědi

# Otázka Odpověď Body Výsledky
1. Jak se jmenuje velkolepá akce,... Dny NATO 0
2. Ve středu byly zveřejněny kone... Švédsko 0
3. Letošní ročník ankety Český sl... Tereza Pergnerová 1
4. Jistý americký obchodní řetěze... Walmart 0
5. Jak se jmenuje 41letá sportovn... Roger Federer 1
6. Třetí díl našeho seriálu se vl... 9 (1929) 0
7. Po Leninově smrti v roce 1924... Lev (Leon) 1
8. V první polovině 30. let došlo... Noc dlouhých nožů 0
9. Ve kterém městě byla roku 1935... v Norimberku 0
10. Jak se jmenoval tento muž, kte... Francisco Franco 0